Pakistan under the military : (Record no. 344733)

000 -LEADER
fixed length control field 01728 a2200229 4500
020 ## - INTERNATIONAL STANDARD BOOK NUMBER
International Standard Book Number 0813379857
020 ## - INTERNATIONAL STANDARD BOOK NUMBER
International Standard Book Number 9780813379852
082 04 - DEWEY DECIMAL CLASSIFICATION NUMBER
Classification number 954.9105
090 ## - LOCALLY ASSIGNED LC-TYPE CALL NUMBER (OCLC); LOCAL CALL NUMBER (RLIN)
-- 2231
-- 2231
100 1# - MAIN ENTRY--PERSONAL NAME
Personal name Burki, Shahid Javed.
245 10 - TITLE STATEMENT
Title Pakistan under the military :
Remainder of title eleven years of zia ul-haq /
Statement of responsibility, etc. Shahid Javed Burki.
260 ## - PUBLICATION, DISTRIBUTION, ETC.
Place of publication, distribution, etc. [S.l.] :
Name of publisher, distributor, etc. Westview Press,
Date of publication, distribution, etc. 1991.
300 ## - PHYSICAL DESCRIPTION
Extent 212 p.
490 1# - SERIES STATEMENT
Series statement Westview special studies on south and southeast asia.
500 ## - GENERAL NOTE
General note Hardcover.
520 ## - SUMMARY, ETC.
Summary, etc. The military regime of Zia ul-Haq began as an ostensible emergency response to allegations of election-rigging by the Bhutto government in 1977. It was meant to last 90 days - instead it endured for over 11 years. As Pakistan emerged from its relative isolation to become an increasingly major international actor in the wake of the Soviet invasion of Afghanistan, Zia retained his grip on the reins of power and continued to restructure the nation to his vision as an Islamic state. This book analyzes the political, economic, legal and administrative structures of Pakistan as they were formed and transformed by Zia during his controversial career. In addition to the analytical chapters - which are partly based on each of the authors' personal interviews with Zia - researchers will find a valuable reference resource in a chronology, biographical sketches of key personages and an extensive bibliography.
700 1# - ADDED ENTRY--PERSONAL NAME
Personal name Baxter, Craig.
830 #0 - SERIES ADDED ENTRY--UNIFORM TITLE
Uniform title Westview special studies on south and southeast asia.
856 40 - ELECTRONIC LOCATION AND ACCESS
Materials specified Amazon.com
Uniform Resource Identifier <a href="http://www.amazon.com/exec/obidos/ASIN/0813379857/chopaconline-20">http://www.amazon.com/exec/obidos/ASIN/0813379857/chopaconline-20</a>
856 40 - ELECTRONIC LOCATION AND ACCESS
Materials specified Amazon customer reviews
Uniform Resource Identifier <a href="http://www.chopac.org/cgi-bin/tools/azrev.pl?q=0813379857">http://www.chopac.org/cgi-bin/tools/azrev.pl?q=0813379857</a>
942 ## - ADDED ENTRY ELEMENTS (KOHA)
Institution code [OBSOLETE] NBS
Koha item type Book
Call number prefix 954.9105 BUR
Holdings
Withdrawn status Lost status Source of classification or shelving scheme Damaged status Not for loan Permanent Location Current Location Date acquired Total Checkouts Full call number Barcode Date last seen Date last checked out Price effective from Koha item type Total Renewals
          Central Library (CL) Central Library (CL) 08/28/2013 2 954.9105 BUR NBS1981 11/22/2017 08/28/2017 08/28/2013 Book  
          NUST Law School (NLS) NUST Law School (NLS) 08/28/2013 3 954.9105 BUR NBS1715 12/26/2023 11/21/2023 08/28/2013 Book 3
© 2023 Central Library, National University of Sciences and Technology. All Rights Reserved.